[Event "España ch 2010 sub-14"]
[Site "Linares ESP"]
[Date "2010.07.14"]
[Round "3.21"]
[White "Rojano Alfonso, Carlos"]
[Black "Perez Barreto, Adrian"]
[Result "0-1"]
[WhiteElo "1953"]
[BlackElo "1701"]
[PlyCount "120"]
[EventDate "2010.07.13"]
[EventType "swiss"]
[EventRounds "9"]
[EventCountry "ESP"]
[Source "lmi"]
[SourceDate "2010.07.13"]

1. e4 c5 2. Nc3 Nc6 3. Bb5 Nd4 4. Bc4 e6 5. Nge2 g6 6. O-O Bg7 7. f4 Ne7 8. e5
Nef5 9. g4 Nxe2+ 10. Bxe2 Nd4 11. Ne4 O-O 12. g5 b6 13. c3 Nf5 14. Bf3 Rb8 15.
Qe1 Qc7 16. d3 Ba6 17. c4 d5 18. Nf6+ Bxf6 19. gxf6 dxc4 20. Be4 Kh8 21. Rf3
cxd3 22. Rh3 Rg8 23. Bd2 Bb7 24. Rxd3 c4 25. Rh3 Bxe4 26. Qxe4 Rgd8 27. Bb4 Rd4
28. Qf3 Rd3 29. Qg4 Rxh3 30. Qxh3 a5 31. Bc3 Rd8 32. Re1 Qc5+ 33. Kh1 Qd5+ 34.
Qg2 Qxg2+ 35. Kxg2 Rd3 36. Kf2 a4 37. Bb4 Nd4 38. Re4 b5 39. Bc3 Nf5 40. a3 h5
41. Re2 Nh6 42. Rd2 Ng4+ 43. Kg2 Ne3+ 44. Kf2 Rxd2+ 45. Bxd2 Nd1+ 46. Ke2 Nxb2
47. Ke3 Nd3 48. Kd4 Kg8 49. Kc3 Kf8 50. Be3 Ke8 51. Bd2 Kd7 52. Kd4 Kc6 53. Be3
Nb2 54. Bd2 Nd1 55. Bb4 c3 56. Kd3 h4 57. Kc2 Ne3+ 58. Kxc3 Nd5+ 59. Kd4 Nxb4
60. axb4 h3 0-1

[Event "España ch 2010 sub-14"]
[Site "Linares ESP"]
[Date "2010.07.14"]
[Round "3.22"]
[White "Lopez Temprano, Clara"]
[Black "Ruiz Font, Elisabet"]
[Result "0-1"]
[WhiteElo "1675"]
[BlackElo "1899"]
[PlyCount "116"]
[EventDate "2010.07.13"]
[EventType "swiss"]
[EventRounds "9"]
[EventCountry "ESP"]
[Source "lmi"]
[SourceDate "2010.07.13"]

1. e4 c5 2. Nf3 g6 3. d4 cxd4 4. Nxd4 Bg7 5. Be3 Nc6 6. c4 d6 7. Nc3 Nf6 8. Be2
Bd7 9. Qd2 O-O 10. O-O a5 11. Rac1 a4 12. f3 Qa5 13. Rfd1 Rfc8 14. Ncb5 Qxd2
15. Rxd2 Nxd4 16. Nxd4 Ne8 17. Bd3 Nc7 18. Rdc2 Ne6 19. Nxe6 Bxe6 20. Kf1 Rc7
21. Ke2 Rac8 22. b3 a3 23. Bd2 Bb2 24. Rb1 b5 25. Bc1 bxc4 26. bxc4 Bxc4 27.
Bxc4 Rxc4 28. Rxc4 Rxc4 29. Bxb2 Rb4 30. Kd2 axb2 31. Kc2 Kg7 32. Rxb2 Ra4 33.
Kb3 Ra7 34. a4 Kf6 35. Ra2 Ke6 36. Kc4 Kd7 37. Kb5 Kc7 38. a5 Rb7+ 39. Kc4 Kb8
40. Kd5 Rc7 41. Ra3 Ka7 42. Ra2 Ka6 43. Kd4 Rc5 44. f4 Rxa5 45. Rxa5+ Kxa5 46.
Kd5 Kb6 47. e5 dxe5 48. Kxe5 Kc6 49. g4 h6 50. h4 Kd7 51. g5 h5 52. f5 Ke8 53.
Ke4 e6 54. fxe6 fxe6 55. Ke5 Ke7 56. Ke4 Kd6 57. Kd4 e5+ 58. Ke4 Ke6 0-1

[Event "España ch 2010 sub-14"]
[Site "Linares ESP"]
[Date "2010.07.14"]
[Round "3.23"]
[White "Calle Moreau, Sergio"]
[Black "Abal Cores, Lucas"]
[Result "0-1"]
[WhiteElo "1897"]
[BlackElo "1658"]
[PlyCount "76"]
[EventDate "2010.07.13"]
[EventType "swiss"]
[EventRounds "9"]
[EventCountry "ESP"]
[Source "lmi"]
[SourceDate "2010.07.13"]

1. e4 e5 2. Nf3 Nf6 3. Nxe5 d6 4. Nf3 Nxe4 5. d4 d5 6. Bd3 Be7 7. O-O Nc6 8.
Re1 Bg4 9. c4 Nb4 10. Be2 O-O 11. Nc3 c6 12. a3 Na6 13. Qc2 Nxc3 14. Qxc3 Nc7
15. Bf4 Ne6 16. Be3 Bf6 17. Rad1 Rc8 18. Qb3 Qd7 19. Ne5 Bxe5 20. Bxg4 Bf6 21.
Bf3 Rfd8 22. cxd5 cxd5 23. Be2 a6 24. Rd2 Rc6 25. Qa2 Ng5 26. f3 Re8 27. Bf2
Ne6 28. g3 Rec8 29. b4 Rc1 30. Rxc1 Rxc1+ 31. Kg2 Ng5 32. Rd1 Rc3 33. Qb2 Qh3+
34. Kg1 Rxf3 35. Bf1 Qg4 36. Qe2 Qe4 37. Rc1 g6 38. Qd2 Rxg3+ 0-1

[Event "España ch 2010 sub-14"]
[Site "Linares ESP"]
[Date "2010.07.14"]
[Round "3.24"]
[White "Juanes Garcia, Olaya"]
[Black "Garcia Rodriguez, Sara"]
[Result "0-1"]
[WhiteElo "1655"]
[BlackElo "1867"]
[PlyCount "62"]
[EventDate "2010.07.13"]
[EventType "swiss"]
[EventRounds "9"]
[EventCountry "ESP"]
[Source "lmi"]
[SourceDate "2010.07.13"]

1. e4 c5 2. Nc3 Nc6 3. f4 g6 4. Nf3 Bg7 5. Bc4 e6 6. O-O Nge7 7. d3 d5 8. Bb5
O-O 9. Bxc6 Nxc6 10. a3 b6 11. Qe1 Ba6 12. Kh1 Nd4 13. Nxd4 cxd4 14. Na2 dxe4
15. Qxe4 Qc7 16. Rf2 Bb7 17. Qe2 Rad8 18. b3 Rd5 19. Bb2 Rh5 20. Qg4 Bf6 21. b4
Bh4 22. Rd2 Re8 23. Bxd4 f5 24. Qe2 Qxf4 25. Qe5 Qh6 26. Qc7 Re7 27. Qb8+ Kf7
28. Re2 Bg5 29. Rf1 f4 30. Bg1 f3 31. Nc3 Bf4 0-1

[Event "España ch 2010 sub-14"]
[Site "Linares ESP"]
[Date "2010.07.14"]
[Round "3.25"]
[White "Serarols Mabras, Bernat"]
[Black "Moreno Valero, Ivan"]
[Result "1-0"]
[WhiteElo "1827"]
[BlackElo "1662"]
[PlyCount "49"]
[EventDate "2010.07.13"]
[EventType "swiss"]
[EventRounds "9"]
[EventCountry "ESP"]
[Source "lmi"]
[SourceDate "2010.07.13"]

1. d4 d5 2. c4 e6 3. Nc3 Nf6 4. cxd5 exd5 5. Bg5 Nbd7 6. e3 c6 7. Bd3 Bd6 8.
Nf3 O-O 9. O-O h6 10. Bh4 Qc7 11. Rc1 a6 12. a3 Re8 13. b4 b5 14. Qc2 Qb6 15.
Nd2 Bb7 16. Nb3 Bf8 17. Na5 Rac8 18. Bf5 g5 19. Bg3 Bg7 20. Nb1 Red8 21. Nd2
Nh5 22. Nxb7 Qxb7 23. Nb3 Nxg3 24. hxg3 Rc7 25. Na5 1-0

[Event "España ch 2010 sub-14"]
[Site "Linares ESP"]
[Date "2010.07.15"]
[Round "4.1"]
[White "Suarez Garcia, Carlos"]
[Black "Rubio Tent, Francisco"]
[Result "1-0"]
[WhiteElo "2200"]
[BlackElo "1954"]
[PlyCount "74"]
[EventDate "2010.07.13"]
[EventType "swiss"]
[EventRounds "9"]
[EventCountry "ESP"]
[Source "lmi"]
[SourceDate "2010.07.13"]

1. e4 c5 2. Nf3 Nc6 3. Nc3 e5 4. Bc4 d6 5. h3 Be7 6. d3 Nf6 7. O-O O-O 8. a4
Rb8 9. Ne2 Be6 10. Bg5 Bxc4 11. Bxf6 Be6 12. Bxe7 Qxe7 13. Qd2 d5 14. Ng5 f6
15. Nxe6 Qxe6 16. exd5 Qxd5 17. Nc3 Qd7 18. Ne4 b6 19. b3 Nd4 20. Rfe1 Nf5 21.
a5 Ra8 22. b4 Qc6 23. Qc3 Rac8 24. axb6 axb6 25. bxc5 bxc5 26. Qc4+ Kh8 27. Ra6
Qd7 28. Rea1 Qd4 29. Qe6 Nh6 30. Ra7 f5 31. Ng5 Rce8 32. Qd7 e4 33. Qxd4 cxd4
34. Re1 exd3 35. Rxe8 Rxe8 36. cxd3 Rd8 37. Ne6 Rg8 1-0

[Event "España ch 2010 sub-14"]
[Site "Linares ESP"]
[Date "2010.07.15"]
[Round "4.2"]
[White "Moreno Ibañez, Miguel"]
[Black "Montoliu Cervero, Francisco"]
[Result "1-0"]
[WhiteElo "1946"]
[BlackElo "2153"]
[PlyCount "99"]
[EventDate "2010.07.13"]
[EventType "swiss"]
[EventRounds "9"]
[EventCountry "ESP"]
[Source "lmi"]
[SourceDate "2010.07.13"]

1. e4 c5 2. Nf3 d6 3. d4 cxd4 4. Nxd4 Nf6 5. Nc3 g6 6. Be3 Bg7 7. f3 Nc6 8. Qd2
O-O 9. O-O-O d5 10. Kb1 Nxd4 11. e5 Nf5 12. exf6 exf6 13. Bc5 Re8 14. g4 Qc7
15. Bf2 Ne7 16. Nb5 Qd7 17. Bg3 Rd8 18. Nc7 Rb8 19. Bb5 Nc6 20. Nxd5 Ra8 21.
Qc1 Qxd5 22. Rxd5 Rxd5 23. Re1 Bd7 24. c4 Rd3 25. Qc2 Rxf3 26. Qe4 Rf5 27. Rd1
Be6 28. Bxc6 bxc6 29. Qxc6 Rc8 30. Qxc8+ Bxc8 31. Rd8+ Bf8 32. gxf5 Bxf5+ 33.
Kc1 Kg7 34. Bd6 Bxd6 35. Rxd6 h5 36. Kd2 g5 37. Ke3 Be6 38. c5 Kf8 39. Ra6 Ke8
40. Rxa7 h4 41. a4 g4 42. Ra8+ Kd7 43. Kf4 Kc7 44. b4 Kb7 45. Rh8 h3 46. b5 Bb3
47. a5 Ba4 48. a6+ Ka7 49. b6+ Kxa6 50. Ra8+ 1-0

[Event "España ch 2010 sub-14"]
[Site "Linares ESP"]
[Date "2010.07.15"]
[Round "4.3"]
[White "Escudero Manzano, Alejandro"]
[Black "Jimenez Almeida, Luis David"]
[Result "1-0"]
[WhiteElo "2125"]
[BlackElo "1936"]
[PlyCount "49"]
[EventDate "2010.07.13"]
[EventType "swiss"]
[EventRounds "9"]
[EventCountry "ESP"]
[Source "lmi"]
[SourceDate "2010.07.13"]

1. e4 e6 2. d4 d5 3. exd5 exd5 4. Nf3 Nc6 5. c4 Bg4 6. Be3 Bb4+ 7. Nc3 Nge7 8.
Bd3 dxc4 9. Bxc4 O-O 10. O-O Re8 11. Bxf7+ Kxf7 12. Ng5+ Kg6 13. Qxg4 Qc8 14.
Ne6+ Kf7 15. Qxg7+ Kxe6 16. d5+ Nxd5 17. Nxd5 Kxd5 18. Qf6 Qe6 19. Rfd1+ Kc4
20. Qg5 Bd6 21. Rac1+ Kb4 22. Bd2+ Ka4 23. Rxc6 Qe5 24. Qg4+ Kb5 25. Qc4# 1-0

[Event "España ch 2010 sub-14"]
[Site "Linares ESP"]
[Date "2010.07.15"]
[Round "4.4"]
[White "Gutierrez Valero, Mario"]
[Black "Shen, Yue"]
[Result "1-0"]
[WhiteElo "2071"]
[BlackElo "1849"]
[PlyCount "133"]
[EventDate "2010.07.13"]
[EventType "swiss"]
[EventRounds "9"]
[EventCountry "ESP"]
[Source "lmi"]
[SourceDate "2010.07.13"]

1. d4 Nf6 2. c4 g6 3. Nc3 Bg7 4. e4 d6 5. h3 O-O 6. Bd3 e5 7. d5 Nbd7 8. Bg5
Nc5 9. Bc2 a5 10. a3 h6 11. Be3 b6 12. b4 Nb7 13. Nge2 Kh8 14. O-O Ng8 15. Rb1
f5 16. exf5 gxf5 17. f4 e4 18. Qd2 Qf6 19. Ba4 Ne7 20. Rfc1 Qf7 21. Nd4 Rg8 22.
Kh1 Kh7 23. Rg1 Bf6 24. Qf2 Qh5 25. Bd1 Qg6 26. Ncb5 axb4 27. axb4 Bd7 28. Bb3
Rgc8 29. Rgd1 Qh5 30. Rd2 Bh4 31. g3 Bf6 32. Kh2 Qg6 33. Rg1 h5 34. Ra2 Rab8
35. Na7 Rg8 36. Ba4 Bxa4 37. Rxa4 Nd8 38. Nab5 Rb7 39. Qa2 Qg7 40. Ra8 c5 41.
bxc5 bxc5 42. Ne6 Nxe6 43. dxe6 Nc6 44. Rxg8 Qxg8 45. Qa6 Qc8 46. Kh1 Be7 47.
Rd1 Kg6 48. Bg1 Rb8 49. Qxc8 Rxc8 50. Nxd6 Rd8 51. Bxc5 Kf6 52. Ba3 Kxe6 53. c5
Na7 54. Rb1 Ra8 55. Rb6 Bxd6 56. Rxd6+ Ke7 57. Ra6 Kd7 58. c6+ Kc7 59. Bc5 Kb8
60. c7+ Kxc7 61. Rxa7+ Rxa7 62. Bxa7 Kc6 63. Kg2 Kd5 64. Kf2 Kc4 65. Ke3 Kc3
66. g4 fxg4 67. hxg4 1-0

[Event "España ch 2010 sub-14"]
[Site "Linares ESP"]
[Date "2010.07.15"]
[Round "4.5"]
[White "Garcia De Lomas Guerrero, Carlos"]
[Black "Acosta Sosa, Juan Manuel"]
[Result "0-1"]
[WhiteElo "1915"]
[BlackElo "2023"]
[PlyCount "72"]
[EventDate "2010.07.13"]
[EventType "swiss"]
[EventRounds "9"]
[EventCountry "ESP"]
[Source "lmi"]
[SourceDate "2010.07.13"]

1. e4 c5 2. Nc3 Nc6 3. f4 g6 4. Nf3 Bg7 5. Bb5 Nd4 6. O-O a6 7. Bc4 e6 8. d3
Ne7 9. Ne2 Nxf3+ 10. Rxf3 d5 11. exd5 exd5 12. Bb3 O-O 13. h3 Qc7 14. c3 h5 15.
d4 c4 16. Bc2 Re8 17. b3 b6 18. Ba3 Nf5 19. Bxf5 Bxf5 20. Bb2 Re6 21. Ng3 Bd3
22. f5 Ree8 23. f6 Bf8 24. Qd2 h4 25. Nf5 Re2 26. Qg5 Bxf5 27. Rxf5 Qg3 28.
Qxg3 hxg3 29. Rxd5 Rxb2 30. bxc4 Re8 31. Rg5 Bd6 32. Rd1 Ree2 33. c5 Rxg2+ 34.
Kh1 Rh2+ 35. Kg1 Bf4 36. c6 Be3+ 0-1

[Event "España ch 2010 sub-14"]
[Site "Linares ESP"]
[Date "2010.07.15"]
[Round "4.6"]
[White "Garcia Acosta, Roger"]
[Black "Santos Latasa, Jaime"]
[Result "0-1"]
[WhiteElo "1857"]
[BlackElo "2255"]
[PlyCount "124"]
[EventDate "2010.07.13"]
[EventType "swiss"]
[EventRounds "9"]
[EventCountry "ESP"]
[Source "lmi"]
[SourceDate "2010.07.13"]

1. e4 c5 2. d4 e6 3. Nf3 cxd4 4. c3 Nf6 5. e5 Nd5 6. cxd4 d6 7. Nc3 Nxc3 8.
bxc3 dxe5 9. Nxe5 Nd7 10. Bb5 Bd6 11. Nxd7 Bxd7 12. Bxd7+ Qxd7 13. Qg4 O-O 14.
O-O Rac8 15. Bb2 Qb5 16. Rab1 Qa6 17. a3 Rc4 18. Qe2 Rfc8 19. f4 Ra4 20. Qxa6
Rxa6 21. Rf3 f5 22. g3 Kf7 23. Re3 Rcc6 24. Kg2 Rcb6 25. Ree1 Rb3 26. Ba1 Raxa3
27. c4 Rxb1 28. Rxb1 b6 29. c5 Bc7 30. Rc1 g6 31. c6 Ke7 32. Bc3 Ra4 33. d5
exd5 34. Be5 Bxe5 35. c7 Bxc7 36. Rxc7+ Ke6 37. Rxh7 d4 38. Kf3 Ra3+ 39. Ke2 a5
40. Rg7 Kf6 41. Rd7 d3+ 42. Kd2 Rb3 43. Rd6+ Kg7 44. Rd7+ Kh6 45. Rd8 a4 46.
Ra8 a3 47. h3 b5 48. g4 fxg4 49. hxg4 b4 50. f5 gxf5 51. gxf5 Kg5 52. Rg8+ Kf6
53. Rf8+ Ke7 54. Ra8 Rb2+ 55. Kxd3 a2 56. Ra7+ Kf6 57. Ke4 b3 58. Ra6+ Kg5 59.
Rg6+ Kh5 60. Ra6 Re2+ 61. Kf4 Re1 62. Ra7 Rf1+ 0-1

[Event "España ch 2010 sub-14"]
[Site "Linares ESP"]
[Date "2010.07.15"]
[Round "4.7"]
[White "Lopez Martin, Jaime"]
[Black "Capote Robayna, Nathaniel"]
[Result "1/2-1/2"]
[WhiteElo "1757"]
[BlackElo "1970"]
[PlyCount "40"]
[EventDate "2010.07.13"]
[EventType "swiss"]
[EventRounds "9"]
[EventCountry "ESP"]
[Source "lmi"]
[SourceDate "2010.07.13"]

1. c4 e5 2. g3 Nf6 3. Bg2 c6 4. d4 exd4 5. Qxd4 d5 6. Nf3 Be6 7. cxd5 cxd5 8.
Qa4+ Qd7 9. Qxd7+ Nbxd7 10. Nc3 Bb4 11. Bd2 O-O 12. O-O a6 13. Nd4 Bc5 14. e3
Bxd4 15. exd4 Nb6 16. b3 Rac8 17. Rac1 Rc6 18. Ne2 Rfc8 19. Rxc6 Rxc6 20. Rc1
Rxc1+ 1/2-1/2

[Event "España ch 2010 sub-14"]
[Site "Linares ESP"]
[Date "2010.07.15"]
[Round "4.8"]
[White "Nicolas Zapata, Irene"]
[Black "Iglesias Garcia, Jorge"]
[Result "1-0"]
[WhiteElo "1962"]
[BlackElo "1958"]
[PlyCount "111"]
[EventDate "2010.07.13"]
[EventType "swiss"]
[EventRounds "9"]
[EventCountry "ESP"]
[Source "lmi"]
[SourceDate "2010.07.13"]

1. d4 e6 2. c4 d5 3. Nf3 Nf6 4. g3 c5 5. cxd5 exd5 6. Nc3 Nc6 7. Bg2 Bg4 8.
dxc5 Bxc5 9. O-O O-O 10. Na4 Be7 11. Be3 Re8 12. Rc1 Qd7 13. a3 Rac8 14. Re1
Bh3 15. Bc5 Bxg2 16. Kxg2 Ne4 17. b4 Bf6 18. Nd2 Ng5 19. Be3 Qh3+ 20. Kg1 Ne5
21. Rxc8 Rxc8 22. Nf3 Ngxf3+ 23. exf3 g5 24. Bxg5 Qh5 25. Bxf6 Nxf3+ 26. Kg2
Nxe1+ 27. Qxe1 Qf5 28. Bd4 b6 29. Nc3 Qe6 30. Qd2 h6 31. Qf4 Kh7 32. Qe3 a5 33.
Qd3+ Kg8 34. Qa6 axb4 35. axb4 Rxc3 36. Bxc3 Qe4+ 37. Kg1 d4 38. Bd2 Qf3 39.
Qc8+ Kh7 40. Qc1 Qf6 41. Qc2+ Kg8 42. Qd3 Qd6 43. Bc3 Qe6 44. Qxd4 f6 45. Qxf6
Qg4 46. Qd8+ Kf7 47. Qd5+ Ke8 48. Bf6 Qxb4 49. Qe6+ Kf8 50. Bh4 b5 51. Qxh6+
Kf7 52. Qh7+ Ke6 53. Qg8+ Kf5 54. Qf7+ Kg4 55. Qg6+ Kf3 56. Qh5+ 1-0

[Event "España ch 2010 sub-14"]
[Site "Linares ESP"]
[Date "2010.07.15"]
[Round "4.9"]
[White "Navarrete Espi, Samuel"]
[Black "Herrera Gonzalez, Javier"]
[Result "0-1"]
[WhiteElo "2057"]
[BlackElo "1868"]
[PlyCount "118"]
[EventDate "2010.07.13"]
[EventType "swiss"]
[EventRounds "9"]
[EventCountry "ESP"]
[Source "lmi"]
[SourceDate "2010.07.13"]

1. e4 e6 2. d4 d5 3. Nc3 Nf6 4. e5 Nfd7 5. f4 c5 6. Nf3 Nc6 7. Be3 Qb6 8. Na4
Qa5+ 9. c3 cxd4 10. b4 Nxb4 11. cxb4 Bxb4+ 12. Bd2 Bxd2+ 13. Nxd2 O-O 14. Be2
b5 15. Nb2 Nb6 16. O-O Qc3 17. Rf3 d3 18. Nxd3 Nc4 19. Nb3 Nb2 20. Nxb2 Qxb2
21. Qd2 Qxd2 22. Nxd2 Bd7 23. Rc1 Rfc8 24. Rfc3 Rxc3 25. Rxc3 Kf8 26. Rc7 Ke8
27. Nf3 Kd8 28. Rc5 Rc8 29. Rxc8+ Kxc8 30. Kf2 Kc7 31. Ke3 Kb6 32. Kd4 h6 33.
g4 a5 34. Nd2 b4 35. Nb3 a4 36. Nc5 Bb5 37. Bxb5 Kxb5 38. f5 b3 39. axb3 a3 40.
Na4 Kb4 41. Nc3 Kxb3 42. h4 g6 43. f6 g5 44. h5 Kb2 45. Na4+ Kc2 46. Nc3 Kb3
47. Kd3 a2 48. Nxa2 Kxa2 49. Kd4 Kb3 50. Kc5 d4 51. Kd6 d3 52. Ke7 d2 53. Kxf7
d1=Q 54. Kxe6 Qxg4+ 55. Kf7 Qd7+ 56. Kg6 Qe6 57. Kxh6 g4 58. Kg7 Qxe5 59. h6
Qg5+ 0-1

[Event "España ch 2010 sub-14"]
[Site "Linares ESP"]
[Date "2010.07.15"]
[Round "4.10"]
[White "Martin Duque, Jesus"]
[Black "Orantes Taboada, Manuel"]
[Result "1-0"]
[WhiteElo "2073"]
[BlackElo "1785"]
[PlyCount "59"]
[EventDate "2010.07.13"]
[EventType "swiss"]
[EventRounds "9"]
[EventCountry "ESP"]
[Source "lmi"]
[SourceDate "2010.07.13"]

1. e4 c5 2. Nf3 d6 3. d4 cxd4 4. Nxd4 Nf6 5. Nc3 g6 6. Be3 Bg7 7. f3 O-O 8. Qd2
Nc6 9. O-O-O Nxd4 10. Bxd4 Be6 11. Kb1 Qc7 12. h4 Rfc8 13. g4 Qa5 14. a3 Rab8
15. h5 b5 16. hxg6 hxg6 17. Qg5 Nh7 18. Rxh7 Bxd4 19. Qh6 Bxc3 20. Bd3 Bxb2 21.
Kxb2 Qc3+ 22. Kc1 Qxa3+ 23. Kd2 Qc3+ 24. Ke2 Qd4 25. Rh1 Rxc2+ 26. Bxc2 Bc4+
27. Ke1 Qc3+ 28. Qd2 Qxd2+ 29. Kxd2 Rb7 30. Rh8+ 1-0

[Event "España ch 2010 sub-14"]
[Site "Linares ESP"]
[Date "2010.07.15"]
[Round "4.11"]
[White "Forsberg Conde, Martin"]
[Black "Nieves Cabanes, Javier"]
[Result "1-0"]
[WhiteElo "2010"]
[BlackElo "1754"]
[PlyCount "71"]
[EventDate "2010.07.13"]
[EventType "swiss"]
[EventRounds "9"]
[EventCountry "ESP"]
[Source "lmi"]
[SourceDate "2010.07.13"]

1. e4 c5 2. Nf3 e6 3. d4 cxd4 4. Nxd4 a6 5. Nc3 Qc7 6. Bd3 Nf6 7. O-O Nc6 8.
Nxc6 dxc6 9. Kh1 e5 10. f4 Bd6 11. f5 b5 12. a4 b4 13. Nb1 c5 14. Nd2 Bb7 15.
Qe2 h5 16. a5 h4 17. Nc4 Nh5 18. Qg4 Be7 19. Nb6 Rd8 20. Bc4 Bxe4 21. Qxe4 Rd4
22. Qa8+ Bd8 23. Be3 Ng3+ 24. Kg1 Nxf1 25. Bxd4 Nxh2 26. Bxe5 Qxe5 27. Qc6+ Ke7
28. Qd7+ Kf6 29. Qxf7+ Kg5 30. Qg6+ Kf4 31. Nd5+ Ke4 32. Re1+ Kd4 33. Rxe5 Kxe5
34. Qe6+ Kd4 35. Qe3+ Kxc4 36. Qd3# 1-0

[Event "España ch 2010 sub-14"]
[Site "Linares ESP"]
[Date "2010.07.15"]
[Round "4.12"]
[White "Garrido Piriz, Pablo"]
[Black "Buendia Pinar, Alvaro"]
[Result "0-1"]
[WhiteElo "1760"]
[BlackElo "1905"]
[PlyCount "118"]
[EventDate "2010.07.13"]
[EventType "swiss"]
[EventRounds "9"]
[EventCountry "ESP"]
[Source "lmi"]
[SourceDate "2010.07.13"]

1. e4 c5 2. Nf3 Nc6 3. d4 cxd4 4. Nxd4 g6 5. Nc3 Bg7 6. Be3 Nf6 7. Bc4 O-O 8.
Bb3 d6 9. f3 Bd7 10. Qd2 Rc8 11. O-O-O Nxd4 12. Bxd4 b5 13. Nd5 Nxd5 14. Bxg7
Kxg7 15. Qxd5 Qc7 16. Qd2 a5 17. a3 Be6 18. Bxe6 fxe6 19. h4 h6 20. h5 g5 21.
Kb1 Qc6 22. Qd3 e5 23. Rd2 b4 24. Qd5 bxa3 25. Qxc6 Rxc6 26. b3 a4 27. Ka2
axb3+ 28. cxb3 Ra8 29. b4 Rb6 30. Rb1 Ra4 31. Rd3 Rbxb4 32. Rxb4 Rxb4 33. Kxa3
Rd4 34. Re3 g4 35. Kb3 Kf6 36. Kc3 Kg5 37. fxg4 Kxg4 38. g3 Kxh5 39. Kc2 Kg4
40. Kc1 Kh3 41. Re1 Kxg3 42. Rh1 Rxe4 43. Rxh6 Kf3 44. Kd2 Rd4+ 45. Ke1 Ke3 46.
Rh7 e6 47. Rh6 d5 48. Rxe6 e4 49. Rh6 Rc4 50. Rh3+ Kd4 51. Ke2 Ra4 52. Rb3 Ra2+
53. Kd1 e3 54. Rb4+ Kd3 55. Rb3+ Ke4 56. Rb4+ Kf3 57. Rb1 d4 58. Rc1 d3 59. Rb1
e2+ 0-1

[Event "España ch 2010 sub-14"]
[Site "Linares ESP"]
[Date "2010.07.15"]
[Round "4.13"]
[White "Ruiz Font, Elisabet"]
[Black "Rodriguez Garcia, Carlos"]
[Result "1-0"]
[WhiteElo "1899"]
[BlackElo "1752"]
[PlyCount "43"]
[EventDate "2010.07.13"]
[EventType "swiss"]
[EventRounds "9"]
[EventCountry "ESP"]
[Source "lmi"]
[SourceDate "2010.07.13"]

1. e4 e6 2. d4 d5 3. e5 c5 4. c3 Nc6 5. Nf3 Qb6 6. Bd3 cxd4 7. cxd4 Bd7 8. O-O
Nxd4 9. Nxd4 Qxd4 10. Nc3 a6 11. Re1 Ne7 12. a3 Qb6 13. b4 Nc6 14. Bb2 Qc7 15.
Rc1 b5 16. Qh5 g6 17. Qf3 Nxe5 18. Qg3 Qb8 19. Nxd5 Nxd3 20. Qxd3 Kd8 21. Bf6+
Be7 22. Nxe7 1-0

[Event "España ch 2010 sub-14"]
[Site "Linares ESP"]
[Date "2010.07.15"]
[Round "4.14"]
[White "Arellano Pardo, Martin"]
[Black "Gonzalez Benavides, Jose Antonio"]
[Result "0-1"]
[WhiteElo "1878"]
[BlackElo "1750"]
[PlyCount "110"]
[EventDate "2010.07.13"]
[EventType "swiss"]
[EventRounds "9"]
[EventCountry "ESP"]
[Source "lmi"]
[SourceDate "2010.07.13"]

1. e4 c5 2. d4 cxd4 3. c3 dxc3 4. Nxc3 Nc6 5. Nf3 d6 6. Bc4 e6 7. O-O Be7 8.
Qe2 a6 9. Rd1 Qc7 10. Bf4 Nf6 11. Rac1 O-O 12. Rd2 Ne5 13. Bxe5 dxe5 14. Bb3 b5
15. Rdc2 Qb8 16. Nb1 Bb7 17. Nbd2 Rd8 18. h3 Qd6 19. Nh2 Rac8 20. Nhf1 Qd4 21.
Ng3 Rxc2 22. Rxc2 Nd7 23. Nf3 Qb6 24. Rd2 Nc5 25. Bc2 Qa5 26. a3 Qc7 27. b4 Nd7
28. Bd3 Qc1+ 29. Qd1 Qc7 30. Bc2 Nb6 31. Rxd8+ Qxd8 32. Qxd8+ Bxd8 33. Bb3 Kf8
34. Kf1 Ke7 35. Ke2 g6 36. Ne1 f5 37. f3 Kd6 38. Nd3 Bh4 39. Nf1 fxe4 40. fxe4
Bxe4 41. g3 Bxd3+ 42. Kxd3 Bg5 43. Ne3 Bxe3 44. Kxe3 Nc4+ 45. Bxc4 bxc4 46. Ke4
g5 47. g4 h6 48. a4 Kc6 49. Ke3 Kd5 50. Ke2 Kd4 51. a5 Kd5 52. Kd2 Kc6 53. Kc2
Kb5 54. Kc3 e4 55. Kd2 Kxb4 0-1

[Event "España ch 2010 sub-14"]
[Site "Linares ESP"]
[Date "2010.07.15"]
[Round "4.15"]
[White "Garcia-Castany Musellas, Gal.la"]
[Black "Perez Cabas, Jose"]
[Result "0-1"]
[WhiteElo "1753"]
[BlackElo "1873"]
[PlyCount "68"]
[EventDate "2010.07.13"]
[EventType "swiss"]
[EventRounds "9"]
[EventCountry "ESP"]
[Source "lmi"]
[SourceDate "2010.07.13"]

1. e4 c5 2. Nf3 e6 3. d4 cxd4 4. Nxd4 Nc6 5. Nc3 a6 6. Be2 Qc7 7. O-O Nf6 8.
Be3 Be7 9. f4 d6 10. Qe1 O-O 11. Qg3 b5 12. Bf3 Bb7 13. Rae1 b4 14. Nb1 Nxd4
15. Bxd4 Qxc2 16. e5 dxe5 17. Bxb7 exd4 18. Bxa8 Rxa8 19. Rf2 Qf5 20. Qf3 Rd8
21. Nd2 Ng4 22. Rfe2 Bc5 23. Kh1 d3 24. Re5 Nf2+ 25. Kg1 Ne4+ 26. Kh1 Nxd2 27.
Qc6 Qxf4 28. Qxc5 Nf3 29. gxf3 Qxf3+ 30. Kg1 d2 31. Qxb4 d1=Q 32. Rxd1 Rxd1+
33. Re1 Qe3+ 34. Kg2 Rd2+ 0-1

[Event "España ch 2010 sub-14"]
[Site "Linares ESP"]
[Date "2010.07.15"]
[Round "4.16"]
[White "Perez Barreto, Adrian"]
[Black "Ordoñez Torres, Maria Del Carme"]
[Result "0-1"]
[WhiteElo "1701"]
[BlackElo "1871"]
[PlyCount "120"]
[EventDate "2010.07.13"]
[EventType "swiss"]
[EventRounds "9"]
[EventCountry "ESP"]
[Source "lmi"]
[SourceDate "2010.07.13"]

1. d4 Nf6 2. c4 e6 3. Nc3 Bb4 4. f3 d5 5. a3 Bxc3+ 6. bxc3 c6 7. e3 Nbd7 8. Bd3
O-O 9. Ne2 e5 10. cxd5 cxd5 11. O-O Re8 12. Ng3 Nb6 13. Kh1 Bd7 14. e4 exd4 15.
cxd4 Ba4 16. Qd2 dxe4 17. fxe4 Qxd4 18. Bb2 Nc4 19. Qb4 Qxb2 20. Qxc4 Bc6 21.
Nh5 Re6 22. Ra2 Qe5 23. Rf5 Qd6 24. Nxf6+ gxf6 25. Raf2 b5 26. Qc3 Bxe4 27.
Bxe4 Rxe4 28. Rxf6 Qe5 29. Qxe5 Rxe5 30. Rxf7 Re1+ 31. Rf1 Re3 32. R7f3 Rxf3
33. Rxf3 Rf8 34. Rg3+ Kf7 35. Kg1 Ke6 36. Rd3 Rf7 37. g4 a5 38. Rb3 Rb7 39. Kf2
Kd5 40. Ke2 Kc4 41. Rb1 Kc3 42. Kd1 Rd7+ 43. Ke1 Rd4 44. Ke2 Kc2 45. Rf1 Rd2+
46. Kf3 Rxh2 47. Kg3 Rd2 48. Rf5 Rd3+ 49. Kh4 Rb3 50. a4 bxa4 51. Rxa5 a3 52.
Ra7 Kb2 53. Rxh7 a2 54. Ra7 Ra3 55. Rb7+ Kc3 56. Rc7+ Kd4 57. Rc1 a1=Q 58. Rxa1
Rxa1 59. Kg5 Ke5 60. Kg6 Kf4 0-1

[Event "España ch 2010 sub-14"]
[Site "Linares ESP"]
[Date "2010.07.15"]
[Round "4.17"]
[White "Garcia Rodriguez, Sara"]
[Black "Jimenez Peñafiel, Gustavo"]
[Result "1/2-1/2"]
[WhiteElo "1867"]
[BlackElo "1746"]
[PlyCount "70"]
[EventDate "2010.07.13"]
[EventType "swiss"]
[EventRounds "9"]
[EventCountry "ESP"]
[Source "lmi"]
[SourceDate "2010.07.13"]

1. d4 Nf6 2. c4 c5 3. d5 e6 4. Nc3 exd5 5. Nxd5 Nxd5 6. Qxd5 d6 7. Nf3 Nc6 8.
a3 Be6 9. Qe5 d5 10. cxd5 Qxd5 11. Qxd5 Bxd5 12. Bd2 Be7 13. Bc3 O-O 14. Rd1
Be6 15. e3 a6 16. Bd3 Rfd8 17. O-O Rxd3 18. Rxd3 Bc4 19. Rd7 Bxf1 20. Kxf1 Ra7
21. Ne5 b5 22. Rd5 Nxe5 23. Rxe5 f6 24. Rd5 Kf7 25. Ke2 Ke6 26. e4 Rb7 27. Ke3
Rd7 28. Rxd7 Kxd7 29. b4 Ke6 30. f4 Bd6 31. g3 g5 32. Kf3 h5 33. Ke3 g4 34. Bd2
f5 35. Kd3 Be7 1/2-1/2